Sanat: "Palasina" - Vilma Alina - Statistics

Yleistilastot
  • Tätä visaa on pelattu 53 kertaa
  • Keskiarvotulos 198 / 245
Vastaustilastot
Vastaus % Oikein
en
100%
et
100%
100%
oo
100%
oot
100%
100%
vähän
100%
ei
96%
jo
96%
kun
96%
Kun
96%
me
96%
nii
96%
oon
96%
rikki
96%
sen
96%
vaan
96%
ja
92%
kulunut
92%
Mut
92%
mut
92%
niin
92%
ollaan
92%
on
92%
palasina
92%
rikkonu
92%
ennen
88%
jos
88%
laastari
88%
mulle
88%
rakastu
88%
saa
88%
se
88%
sulle
88%
aina
84%
ees
84%
kokonaista
84%
Kuka
84%
mennään
84%
oikein
84%
sanomaan
84%
vielä
84%
hei
80%
kumpikaan
80%
lupauksen
80%
meistä
80%
otetaan
80%
pari
80%
tuu
80%
tyyny
80%
yhtä
80%
ennenkin
76%
irti
76%
kättä
76%
lupauksii
76%
lyödään
76%
Lyödään
76%
päälle
76%
poppi
76%
yhteenliimattuna
76%
Aivan
72%
maasta
72%
mun
72%
sama
72%
soi
72%
sullakin
72%
tääl
72%
vaikka
72%
aamuu
68%
hieman
68%
kokeillaan
68%
kuin
68%
mistä
68%
niitä
68%
onks
68%
päivii
68%
puhun
68%
siitä
68%
sun
68%
unohtaa
68%
haittaa
64%
kenet
64%
ketä
64%
mukaan
64%
pimeää
64%
tavallaan
64%
baarissa
60%
haluut
60%
himas
60%
kivempaa
60%
molemmat
60%
nukahtaa
60%
ollu
60%
oppii
60%
tiiäthän
60%
tulisit
60%
vaikeuksia
60%
yhteenlaskettuna
60%
auttais
56%
koitat
56%
mulla
56%
pitäis
52%
yksin
52%
kyl
48%
tajuun
48%
takia
48%
elämään
44%
kenen
44%
punottaa
44%
silmät
44%
täs
44%
myös
40%
haluun
32%
kysyy
32%
Salaa
32%
tänä
32%
täytyis
32%
yönä
32%
oppiikin
4%
Ehtoja vastaavia visoja ei löytynyt
Tulosjakauma
Jokaisen tuloksen saaneiden osuus
Persentiili vastausten määrän mukaan
Tuloshistoriasi
Et ole pelannut tätä visaa